Từ điển địa danh lịch sử - văn hóa Việt Nam

Sách giới thiệu toàn bộ địa danh liên quan đến lịch sử và văn hóa Việt Nam như các địa danh liên quan đến lịch sử dựng nước và giữ nước của dân tộc từ xưa tới nay; các địa danh khảo cổ, danh thắng, du lịch; các địa danh liên quan đến tôn...

وصف كامل

محفوظ في:
التفاصيل البيبلوغرافية
المؤلف الرئيسي: Nguyễn Văn Tân
التنسيق: كتاب
اللغة:Undetermined
منشور في: Hà Nội VHTT 1998
الموضوعات:
الوسوم: إضافة وسم
لا توجد وسوم, كن أول من يضع وسما على هذه التسجيلة!
Thư viện lưu trữ: Trung tâm Học liệu Trường Đại học Cần Thơ
LEADER 01416nam a2200205Ia 4500
001 CTU_23038
008 210402s9999 xx 000 0 und d
020 |b 160,000đ 
082 |a 915.97 
082 |b T121 
100 |a Nguyễn Văn Tân 
245 0 |a Từ điển địa danh lịch sử - văn hóa Việt Nam 
245 0 |c Nguyễn Văn Tân 
260 |a Hà Nội 
260 |b VHTT 
260 |c 1998 
520 |a Sách giới thiệu toàn bộ địa danh liên quan đến lịch sử và văn hóa Việt Nam như các địa danh liên quan đến lịch sử dựng nước và giữ nước của dân tộc từ xưa tới nay; các địa danh khảo cổ, danh thắng, du lịch; các địa danh liên quan đến tôn giáo tín ngưàng, phong tục tập quán; các địa danh liên quan đến các sự kiện văn hóa-nghệ thuật; các địa danh qua truyền thuyết-dã sử. Sách gồm 7673 mục từ, sắp xếp theo thứ tự chữ cái tiếng Việt. Sau phần từ điển là phần Phụ lục tra cứu, gồm địa danh xếp theo chủ đề vad danh mục chung 
650 |a vietnam - description and travel,vietnam - history 
904 |i Minh, 980721 
980 |a Trung tâm Học liệu Trường Đại học Cần Thơ